LEADER 02989nam 2200649Ia 450 001 9910455495203321 005 20200520144314.0 010 $a1-60780-083-7 035 $a(CKB)1000000000762276 035 $a(EBL)439423 035 $a(OCoLC)437138978 035 $a(SSID)ssj0000674492 035 $a(PQKBManifestationID)11409385 035 $a(PQKBTitleCode)TC0000674492 035 $a(PQKBWorkID)10660155 035 $a(PQKB)10605931 035 $a(MiAaPQ)EBC439423 035 $a(PPN)170212556 035 $a(Au-PeEL)EBL439423 035 $a(CaPaEBR)ebr10305907 035 $a(EXLCZ)991000000000762276 100 $a20091019d2009 uy 0 101 0 $aeng 135 $aur|n|---||||| 181 $ctxt 182 $cc 183 $acr 200 12$aA short course in international trade documentation$b[electronic resource] $ethe documents of exporting, importing, transportation and banking /$fEdward G. Hinkelman ; with contributions by Gilbert Mansergh 205 $a3rd ed. 210 $aPetaluma, CA $cWorld Trade Press$dc2009 215 $a1 online resource (194 p.) 225 1 $aThe short course in international trade series 300 $aDescription based upon print version of record. 311 $a1-60780-011-X 320 $aIncludes bibliographical references (p. 187). 320 $aIncludes web resources. 327 $aInternational Trade Documentation; Introduction; Table of Contents; Chapter 1: Introduction to Trade Documentation; Chapter 2: Issues Concerning Trade Documentation; Chapter 3: Introducing the Parties to International Trade Documentation; Chapter 4: Transaction Documents; Chapter 5: Transport Documents; Chapter 6: Export Documents; Chapter 7: Import Documents; Chapter 8: Banking Documents; Chapter 9: Special Documents; Chapter 10: Electronic Documents; Chapter 11: 50 Country Document Requirements; Chapter 12: Checklists for Key Documents; Chapter 13: Glossary; Chapter 14: Resources 330 $aA Short Course in International Trade Documentation describes the documentation requirements and procedures for exporting, importing, shipping, and banking. It includes a glossary, sample documents, document checklists and an index of document requirement 410 0$aShort course in international trade series. 517 3 $aDocuments of exporting, importing, transportation and banking 517 3 $aInternational trade documentation 606 $aBanks and banking, International 606 $aInternational trade 608 $aElectronic books. 615 0$aBanks and banking, International. 615 0$aInternational trade. 676 $a382.068 676 $a382/.068 700 $aHinkelman$b Edward G.$f1947-$0864314 701 $aMansergh$b Gilbert$0883174 801 0$bMiAaPQ 801 1$bMiAaPQ 801 2$bMiAaPQ 906 $aBOOK 912 $a9910455495203321 996 $aA Short course in international trade documentation$91972827 997 $aUNINA LEADER 03734oas 2201441 a 450 001 9910145782903321 005 20251105213014.0 011 $a1879-2596 035 $a(DE-599)ZDB2209512-3 035 $a(DE-599)2209512-3 035 $a(OCoLC)38492180 035 $a(CONSER) 2003233271 035 $a(CKB)954925482648 035 $a(EXLCZ)99954925482648 100 $a19980223a19829999 sy a 101 0 $aeng 135 $aurmnu|||||||| 181 $ctxt$2rdacontent 182 $cc$2rdamedia 183 $acr$2rdacarrier 200 00$aBiochimica et biophysica acta$iMolecular cell research 210 $a[New York, NY] $cElsevier 215 $a1 online resource 300 $aRefereed/Peer-reviewed 311 08$a0167-4889 517 3 $aMolecular cell research 517 1 $aBBA. 517 1 $aBiochimica et biophysica acta (BBA) - Molecular cell research 531 0 $aBiochim. biophys. acta, Mol. cell res. 606 $aCytology$xResearch$vPeriodicals 606 $aMolecular biology$vPeriodicals 606 $aCytology$vPeriodicals 606 $aCytology$xResearch$xPeriodicals 606 $aMolecular biology$vPeriodicals 606 $aCytology$vPeriodicals 606 $aCells 606 $aMolecular Biology 606 $aCells 606 $aCells$vPeriodicals 606 $aMolecular Biology$vPeriodicals 606 $aCytologie$xRecherche$xPe?riodiques 606 $aBiologie mole?culaire$xPe?riodiques 606 $aCytologie$xPe?riodiques 606 $aCytologie$xRecherche$vPe?riodiques 606 $aBiologie mole?culaire$vPe?riodiques 606 $aCytologie$vPe?riodiques 606 $aCellules 606 $aCells$2fast$3(OCoLC)fst00850250 606 $aCytology$2fast$3(OCoLC)fst00886282 606 $aCytology$xResearch$2fast$3(OCoLC)fst00886296 606 $aMolecular biology$2fast$3(OCoLC)fst01024734 608 $aPeriodicals.$2fast 615 0$aCytology$xResearch 615 0$aMolecular biology 615 0$aCytology 615 0$aCytology$xResearch$xPeriodicals. 615 0$aMolecular biology 615 0$aCytology 615 0$aCells. 615 2$aMolecular Biology. 615 2$aCells. 615 2$aCells 615 2$aMolecular Biology 615 6$aCytologie$xRecherche$xPe?riodiques. 615 6$aBiologie mole?culaire$xPe?riodiques. 615 6$aCytologie$xPe?riodiques. 615 6$aCytologie$xRecherche 615 6$aBiologie mole?culaire 615 6$aCytologie 615 6$aCellules. 615 7$aCells. 615 7$aCytology. 615 7$aCytology$xResearch. 615 7$aMolecular biology. 676 $a571.6 801 0$bOH1 801 1$bOH1 801 2$bOCL 801 2$bOCLCQ 801 2$bGUA 801 2$bOCLCQ 801 2$bSBH 801 2$bOCLCQ 801 2$bAGL 801 2$bU9S 801 2$bGUA 801 2$bOCLCQ 801 2$bOCLCO 801 2$bOCLCQ 801 2$bOCLCF 801 2$bOCLCO 801 2$bOCLCQ 801 2$bOCLCO 801 2$bOCLCQ 801 2$bBUF 801 2$bEZC 801 2$bAU@ 801 2$bOCLCO 801 2$bWYU 801 2$bU3W 801 2$bVT2 801 2$bOCLCO 801 2$bUKBTH 801 2$bLIP 801 2$bOCLCQ 801 2$bSFB 801 2$bCNMTR 801 2$bLDP 801 2$bOCLCA 801 2$bCUS 801 2$bOCLCO 801 2$bQGK 801 2$bOCLCO 801 2$bOCL 801 2$bOCLCQ 801 2$bUAB 801 2$bSMC 801 2$bOCLCL 801 2$bOCLCQ 906 $aJOURNAL 912 $a9910145782903321 996 $aBiochimica et biophysica acta$9799257 997 $aUNINA